Kronikarze i "starcy"
| Titel: | Kronikarze i "starcy" : szkice o dziedzictwie historii między Wiślicą a Pacanowem / Helena Kręt |
|---|---|
| Verfasser: | |
| Ausgabe: | Wydanie I. |
| Veröffentlicht: | Kraków : Avalon, [2023] |
| Umfang: | 336 Seiten ; 24 cm |
| Format: | Buch |
| Sprache: | Polnisch |
| ISBN: | 9788377305928 ; 8377305925 |
| Hinweise zum Inhalt: |
Buch Bibliographie
Cover Register Abstract |
alg: 51552959 001A $03004:13-02-24 001B $01999:21-11-25 $t16:15:37.000 001D $03004:13-02-24 001U $0utf8 001X $00 002@ $0Aau 002C $aText $btxt $2rdacontent 002D $aohne Hilfsmittel zu benutzen $bn $2rdamedia 002E $aBand $bnc $2rdacarrier 003@ $0515529591 003O $01393295962 $aOCoLC 004A $A978-83-7730-592-8 004A $083-7730-592-5 006C $01418701137 $aOCoLC 007A $0BV049310428 $aBVB 007G $0 009P $qapplication/pdf $A2 $3Buch Bibliographie $uhttp://scans.hebis.de/HEBCGI/show.pl?51552959_bib.pdf $mV:DE-603;B:DE-Mb50 009P $qapplication/pdf $A2 $3Cover $uhttp://scans.hebis.de/HEBCGI/show.pl?51552959_cov.pdf $mV:DE-603;B:DE-Mb50 009P $qapplication/pdf $A2 $3Register $uhttp://scans.hebis.de/HEBCGI/show.pl?51552959_idx.pdf $mV:DE-603;B:DE-Mb50 009P $qapplication/pdf $A2 $3Abstract $uhttp://scans.hebis.de/HEBCGI/show.pl?51552959_sum.pdf $mV:DE-603;B:DE-Mb50 010@ $apol 010E $erda 011@ $a2023 $n[2023] 011F $n© 2023 021A $aKronikarze i "starcy" $dszkice o dziedzictwie historii między Wiślicą a Pacanowem $hHelena Kręt 027A $aSzkice o dziedzictwie historii między Wiślicą a Pacanowem 028A $BVerfasser $4aut $71316056880 $8Kręt, Helena [Tp3] $9514745002 032@ $aWydanie I. 033A $pKraków $nAvalon 034D $a336 Seiten 034I $a24 cm 044A $aDługosz, Jan / (1415-1480) $S#1 $N653 044A $aDługosz, Jan / (1415-1480) / Annales seu cronicae incliti Regni Poloniae $S#1 $N653 044A $aWincenty Kadłubek / (błogosławiony / 1150-1223) $S#1 $N653 044A $aWincenty Kadłubek / (błogosławiony / 1150-1223) / Chronica Polonorum.. $S#1 $N653 044A $aHistoriografia polska $S#0 $N653 044A $aKronika $S#0 $N653 044A $aTradycja ustna $S#0 $N653 044A $aPonidzie $S#2 $N653 044A $aPolska $S#2 $N653 044A $a1101-1200 $S#4 $N653 044A $a1201-1300 $S#4 $N653 044A $a1301-1400 $S#4 $N653 044A $a1401-1500 $S#4 $N653 044A $aOpracowanie $S#6 $N653 044K $RPolen-Litauen $RKongresspolen $RWestgalizien $RStaat Krakau $#Generalgouvernement Polen $#Polska $#Rzeczpospolita Polska $#Polska Rzeczpospolita Ludowa $#Poland $#Pologne $#République Polonaise $#Generalne Gubernatorstwo w Polsce $#Polish People's Republic $#Polska Rzeczpospolita Polen $#PRL $#RP $#Polen Generalgouvernement $#Polska Generalgouvernement $#Besetzte Polnische Gebiete $#Besetztes Gebiet in Polen $#Okupowane Polskie Obszary $#Obszary Okupowane w Polsce $#Volksrepublik Polen $#Polska Rosyjska $#Republic Polen $#Respublika Pol'ša $#Pol'skaja Narodnaja Respublika $#République de Pologne $#Polen Links der Weichsel $#Polska po Lewej Stronie Wisły $#Lenkija $#Polija $#Gubernija Carstva Pol'skago $#Republik Polen $74046496-9 $8Polen [Tg1] $9085129801 044K $RSchrifttum $RGeschichtswissenschaft $#Historiography $#Historiographie $#Storiografia $#Historiografía $#Historiography $#Geschichtsschreibung $#Geschichtsschreibung $#Historiographie $#Historiografie $#Historisierung Geschichtsschreibung $74020531-9 $8Geschichtsschreibung [Ts1] $9085049425 044K $#Dluhaš, Ja. $#Dluhaš, Jan $#Dlugosh, Jan $#Dlugossius, Joannes $#Dlugossus, Joannes $#Długossus Longinus, Joannes $#Długossus Longinus, Johannes $#Długosz, Joannes $#Długosz, Johannes $#Długosz, Johann $#Jan$#Jean $#Johannes $#Johannes $#Johannes $#Longini, Johannes $#Longinus, Joannes $#Longinus, Joannes Długossus $#Longinus, Johannes Długossus $#Dlugossius, Johannes $#Dlugoš, Jan $#Dlugossus, Johannes $#Jan $#Johannes $#Dlugossius, Ioannes $#Długossus, Ioannes $#Dlugussus, Johannes $#Dlugosch, Johannes $#Dlugossius, Ioannes $#Longinus $#Dlugossii, Ioannis $#Dlugossii, Joannis $711867210X $8Długosz, Jan$Z1415-1480 [Tp1] $9087012987 044K $#Wincenty $#Kadłubek, Wincenty $#Vincentius $#Vincentius $#Wincent $#Vincentius $#Vincent $#Vincent $#Vincentius $#Vincentius $#Vincentius $#Vincentius $#Kadlubko, Vincentius $#Wincenty $#Vincentius $#Wincenty $#Kadłubko, Vincentius $#Kadłubek, Vincentius $#Wincenty Kadłubek $#Wincenty Kadłubek $#Wincenty Kadłubek $#Kadłụbek, Wincenty Bischof, Chronist, Polen $#Kadłụbek, Wincenty Evêque, Chroniqueur, Pologne $#Kadłụbek, Wincenty Bishop, Chronicler, Poland $#Kadłubko, Vincentius Bischof, Chronist, Polen $#Kadłubko, Vincentius Evêque, Chroniqueur, Pologne $#Kadłubko, Vincentius Bishop, Chronicler, Poland $#Vincent de Cracovie $#Vincent de Cracovie $#Vincent de Cracovie $#Vincent Kadłubek $#Vincent Kadłubek $#Vincent Kadłubek $#Vincentius Cadlubkus $#Vincentius Cadlubkus $#Vincentius Cadlubkus $#Vincentius Cadlucus $#Vincentius Cadlucus $#Vincentius Cadlucus $#Vincentius Cracoviensis $#Vincentius Cracoviensis $#Vincentius Cracoviensis $#Vincentius Kadlubek $#Vincentius Kadlubek $#Vincentius Kadlubek $#Vincentius de Kadlubko $#Vincentius de Kadlubko $#Vincentius de Kadlubko $#Vincentius of Cracow $#Vincentius of Cracow $#Vincentius of Cracow $#Wincent Bogusławicz $#Wincent Bogusławicz $#Wincent Bogusławicz $#Kadlubek, Vincentius Bishop, Chronicler, Poland $#Vincentius $#Vincencius $#Kadlubek, Vincentius Bischof, Chronist, Polen $#Kadlubek, Vincentius Evêque, Chroniqueur, Pologne $#Wincenty Kadłubek $#Vincentius Kadłubko $7119449145 $8Kadlubek, Vincentius$Z1160-1223 [Tp1] $9087788861 044K $RTextgeschichte $RTradition $ROral history $#Oral tradition $#Tradition orale $#Tradizione orale $#Fonti orali $#Tradición oral $#Mündliche Geschichte $#Mündliche Quelle $#Mündliche Tradition $#Orale Tradition $#Mündlichkeit Überlieferung $74040600-3 $8Mündliche Überlieferung [Ts1] $9085110930 044K $#Annales seu cronicae incliti Regni Poloniae $#Annales seu cronice inclyti regni Poloniae $#Annales regni Poloniae $#Długosz, Jan $#087012987 $74354333-9 $8Długosz, Jan$Z1415-1480 [Tp1]$aHistoria polonica [Tu1] $9088242048 044K $#Chronica seu originale regum et principum Poloniae $#Chronica Polonorum $#Kronika Polski $#Magistri Vincentii Chronica Polonorum $#Historia Polonica Vincentii Kadlubkonis episcopi Cracoviensis $#Kadlubek, Vincentius $#087788861 $74453428-0 $8Kadlubek, Vincentius$Z1160-1223 [Tp1]$aChronica Polonarum sive originale regum et principum Poloniae [Tu1] $9088861333 045F $a901.094380902 $eDDC23BSB 045F/01 $a901 045F/03 $f0902 045F/03 $g438 045R $aGeschichte 1101-1500 045T $aOST $qDE-12 $2FID lok: 51552959 24 exp: 51552959 24 1 #EPN 201B/01 $001-03-24 $t14:16:12.000 201C/01 $013-02-24 201U/01 $0utf8 203@/01 $01256369063 208@/01 $a01-03-24 $bz 209A/01 $a24.00969 $du $f050 $h24 00969 $x00 209C/01 $a24.00969 K $h24 00969 K 209G/01 $a74814395 $x00 220C/01 $ahae 247C/01 $8358050-7 Marburg, Bibliothek des Herder-Instituts Marburg $9102600961
| LEADER | 00000cam a2200000 c 4500 | ||
|---|---|---|---|
| 001 | 515529591 | ||
| 003 | DE-603 | ||
| 005 | 20251121161537.0 | ||
| 007 | tu | ||
| 008 | 240213s2023 xx |||| | u00||u|pol c | ||
| 020 | |a 9788377305928 | ||
| 020 | |a 8377305925 | ||
| 035 | |a (DE-599)BVBBV049310428 | ||
| 035 | |a (OCoLC)1393295962 | ||
| 040 | |a DE-603 |b ger |c DE-603 |d DE-603 |e rda | ||
| 041 | |a pol | ||
| 082 | 0 | 4 | |8 1\u |a 901.094380902 |q DE-101 |2 23/BSB |
| 084 | |a OST |q DE-12 |2 fid | ||
| 085 | |8 1\u |b 901 | ||
| 085 | |8 1\u |z 1 |s 0902 | ||
| 085 | |8 1\u |z 2 |s 438 | ||
| 100 | 1 | |a Kręt, Helena |e Verfasser |4 aut |0 (DE-603)514745002 |0 (DE-588)1316056880 |2 gnd | |
| 245 | 0 | 0 | |a Kronikarze i "starcy" |b szkice o dziedzictwie historii między Wiślicą a Pacanowem |c Helena Kręt |
| 246 | 1 | 3 | |a Szkice o dziedzictwie historii między Wiślicą a Pacanowem |
| 250 | |a Wydanie I. | ||
| 264 | 1 | |a Kraków |b Avalon |c [2023] | |
| 264 | 4 | |c © 2023 | |
| 300 | |a 336 Seiten |c 24 cm | ||
| 336 | |a Text |b txt |2 rdacontent | ||
| 337 | |a ohne Hilfsmittel zu benutzen |b n |2 rdamedia | ||
| 338 | |a Band |b nc |2 rdacarrier | ||
| 600 | 1 | 7 | |a Długosz, Jan |d 1415-1480 |0 (DE-588)11867210X |0 (DE-603)087012987 |2 gnd |
| 600 | 1 | 7 | |a Kadlubek, Vincentius |d 1160-1223 |0 (DE-588)119449145 |0 (DE-603)087788861 |2 gnd |
| 600 | 1 | 7 | |a Długosz, Jan |d 1415-1480 |t Historia polonica |0 (DE-588)4354333-9 |0 (DE-603)088242048 |2 gnd |
| 600 | 1 | 7 | |a Kadlubek, Vincentius |d 1160-1223 |t Chronica Polonarum sive originale regum et principum Poloniae |0 (DE-588)4453428-0 |0 (DE-603)088861333 |2 gnd |
| 648 | 7 | |a Geschichte 1101-1500 |2 gnd | |
| 650 | 7 | |a Geschichtsschreibung |0 (DE-588)4020531-9 |0 (DE-603)085049425 |2 gnd | |
| 650 | 7 | |a Mündliche Überlieferung |0 (DE-588)4040600-3 |0 (DE-603)085110930 |2 gnd | |
| 651 | 7 | |a Polen |0 (DE-588)4046496-9 |0 (DE-603)085129801 |2 gnd | |
| 856 | 4 | 2 | |m V:DE-603;B:DE-Mb50 |q application/pdf |u http://scans.hebis.de/HEBCGI/show.pl?51552959_bib.pdf |3 Buch Bibliographie |
| 856 | 4 | 2 | |m V:DE-603;B:DE-Mb50 |q application/pdf |u http://scans.hebis.de/HEBCGI/show.pl?51552959_cov.pdf |3 Cover |
| 856 | 4 | 2 | |m V:DE-603;B:DE-Mb50 |q application/pdf |u http://scans.hebis.de/HEBCGI/show.pl?51552959_idx.pdf |3 Register |
| 856 | 4 | 2 | |m V:DE-603;B:DE-Mb50 |q application/pdf |u http://scans.hebis.de/HEBCGI/show.pl?51552959_sum.pdf |3 Abstract |
| 924 | 0 | |9 Mb 50 |a (DE-603)1256369063 |b DE-Mb50 |c HES |d c |g 24.00969 | |


